000 01139nam a22003137a 4500
005 20110429162328.0
008 110429t xxu||||| |||| 00| 0 eng d
010 _aENG-102268
020 _a9788132106289
_c795.00
035 _aEN-85801
037 _bDBAD/PUB
040 _aDPL
_bENG
082 _a332.10954
100 _927456
_aKhandelwal, Anil K.
245 _aDare to lead :
_cby Anil K. Khandelwal
_bthe transformation of Bank Of Baroda /
260 _aNew Delhi
_bSage Publications
_c2011
270 _aB1/I-1 Mohan Cooperative Industrial Area, Mathura Road
_bNew Delhi
_e110044
300 _axxviii,403 p. :
_c25cm (Hb)
_bcol. photos
500 _aIncludes bibliographical references and index
610 _927464
650 _927465
_aLeadership
_zIndia
650 _aExecutive ability
_zIndia
_927523
650 _aBanks and banking
_zIndia
_927524
651 _927466
700 _927451
710 _927453
942 _2ddc
_cEN
_h332.10954
_mKHA
999 _c52022
_d52022